Statistics for Managers to have won the UCL in 21st Century

Click here to take the quiz!

General Stats

  • This quiz has been taken 108 times
  • The average score is 12 of 21

Answer Stats

Answer% Correct
2015-2016Zinedine Zidane
91%
2016-2017Zinedine Zidane
91%
2017-2018Zinedine Zidane
91%
2018-2019Jurgen Klopp
78%
2010-2011Pep Guardiola
77%
2008-2009Pep Guardiola
77%
2009-2010Jose Mourinho
75%
2003-2004Jose Mourinho
75%
2006-2007Carlo Ancelotti
70%
2002-2003Carlo Ancelotti
70%
2013-2014Carlo Ancelotti
70%
2007-2008Alex Ferguson
68%
2014-2015Luis Enrique
58%
2011-2012Roberto Di Matteo
41%
2012-2013Jupp Heynckes
35%
2004-2005Rafael Benitez
33%
2005-2006Frank Rijkaard
32%
2019-2020Hans Dieter Flick
28%
2000-2001Ottmar Hitzfeld
13%
2001-2002Vincente Del Bosque
12%
1999-2000Vincente Del Bosque
12%

Score Distribution

Percentile by Number Answered

Percent of People with Each Score

Your Score History

You have not taken this quiz